All Panama Accepted Cities in CityQuiz - Statistics

General Stats
  • This quiz has been taken 74 times
  • The average score is 5 of 37
Answers on the Map
Answers color-coded by a green-red scale on the quiz's map according to % correct below.
 
Answer Stats
Population Answer % Correct
430,299 Panama City
96%
34,655 Colón
64%
81,957 David
52%
315,019 San Miguelito
36%
118,521 La Chorrera
24%
19,149 Penonomé
20%
14,574 San Juan
20%
51,236 Santiago de Veraguas
20%
29,032 Changuinola
16%
48,479 Chitré
16%
16,797 Puerto Armuelles
16%
5,380 Bocas del Toro
12%
10,286 Volcán
12%
96,676 Arraiján
8%
12,912 Chepo
8%
38,787 Chilibre
8%
47,234 Cristóbal
8%
33,704 Juan Demóstenes Arosemena
8%
1,728 La Palma
8%
127,440 Las Cumbres
8%
8,939 Las Tablas
8%
7,887 Los Algarrobos
8%
17,427 Pedregal
8%
55,114 Vista Alegre
8%
29,808 Aguadulce
4%
8,744 Almirante
4%
24,931 Ancón
4%
32,750 Cativá
4%
18,774 La Concepción
4%
15,703 Las Lomas
4%
103,960 Pacora
4%
16,496 Puerto Caimito
4%
15,454 Puerto Pilón
4%
16,748 Sabanitas
4%
7,669 Soná
4%
113,174 Tocumen
4%
18,366 Veracruz
4%
No matching quizzes found
Score Distribution
Percent of People with Each Score
Percentile by Number Answered
Your Score History
You have not taken this quiz